Compendio histórico, geográfico y genealógico de los soberanos de Europa (Record no. 10883)

MARC details
000 -CABECERA
campo de control de longitud fija 01365nam a22002537a 4500
001 - NÚMERO DE CONTROL
campo de control BRCA_9264
003 - IDENTIFICADOR DEL NÚMERO DE CONTROL
campo de control FranzMayer
005 - FECHA Y HORA DE LA ÚLTIMA TRANSACCIÓN
campo de control 20230719122132.0
008 - DATOS DE LONGITUD FIJA--INFORMACIÓN GENERAL
campo de control de longitud fija 230719b |||||||| |||| 00| 0 eng d
040 ## - FUENTE DE LA CATALOGACIÓN
Centro catalogador/agencia de origen MFM
Lengua de catalogación esp
Centro/agencia transcriptor MFM
041 ## - CÓDIGO DE LENGUA
Código de lengua del texto/banda sonora o título independiente esp
050 #4 - SIGNATURA TOPOGRÁFICA DE LA BIBLIOTECA DEL CONGRESO
Número de clasificación LM23
Número de documento/Ítem T75 1769
082 ## - NÚMERO DE LA CLASIFICACIÓN DECIMAL DEWEY
Número de edición JZ1582
100 1# - ENTRADA PRINCIPAL--NOMBRE DE PERSONA
Código de función/relación Autor
Nombre de persona Trincado, Don Manuel
Forma completa/desarrollada del nombre Presbytero de la Villa de Cintruenigo, en el Reyno de Navarra
9 (RLIN) 28838
240 1# - TÍTULO UNIFORME
Título uniforme Compendio histórico, geográfico y genealógico de los soberanos de Europa
Lenguaje de la obra esp
245 ## - MENCIÓN DE TÍTULO
Título Compendio histórico, geográfico y genealógico de los soberanos de Europa
Resto del título Descripción de sus cortes, Religión y fuerzas, con la serie de sus príncipes, hasta el año de 1766
260 ## - PUBLICACIÓN, DISTRIBUCIÓN, ETC.
Lugar de publicación, distribución, etc. Madrid, España
Nombre del editor, distribuidor, etc. Real Compañía de Impresores y Mercaderes de Libros del Reyno
Fecha de publicación, distribución, etc. 1769
300 ## - DESCRIPCIÓN FÍSICA
Extensión 456 p
Dimensiones 21.5
500 ## - NOTA GENERAL
Nota general Página 385 y 392 se encuentran desprendidas y fueron colocadas aparte en un plástico protector.Incluye dos papeles pequeños y algo despintados en plástico protector.
505 0# - NOTA DE CONTENIDO CON FORMATO
Nota de contenido con formato Texto en: españolDirigido a: historiadores, investigadores, sociólogos, o personas con interés en la historia de Europa.Índice: alfabético de los monarcas mencionados
650 1# - PUNTO DE ACCESO ADICIONAL DE MATERIA--TÉRMINO DE MATERIA
Fuente del encabezamiento o término Historia
Término de materia o nombre geográfico como elemento de entrada Historia europea
Subdivisión de forma Monarquía
9 (RLIN) 28839
651 2# - PUNTO DE ACCESO ADICIONAL DE MATERIA--NOMBRE GEOGRÁFICO
Fuente del encabezamiento o término Europa Occidental
Nombre geográfico Monarquía europea
Subdivisión de forma Siglo XVIII
9 (RLIN) 28840
942 ## - ELEMENTOS DE PUNTO DE ACCESO ADICIONAL (KOHA)
Fuente del sistema de clasificación o colocación Library of Congress Classification
Tipo de ítem Koha Libros
Holdings
Estado de retiro Estado de pérdida Fuente del sistema de clasificación o colocación Estado dañado No para préstamo Código de colección Localización permanente Ubicación/localización actual Fecha de adquisición Fuente de adquisición Total de préstamos Signatura topográfica completa Código de barras Fecha visto por última vez Precio válido a partir de Tipo de ítem Koha
El ejemplar forma parte de la colección y puede ser consultado según las políticas vigentes.   Library of Congress Classification     Conventual Franz Mayer Biblioteca del Museo Franz Mayer (Rogerio Casas-Alatriste) Biblioteca del Museo Franz Mayer (Rogerio Casas-Alatriste) 19/07/2023 Donación   LM23 T75 1769 CFM00497 19/07/2023 19/07/2023 Libros